La Biblioteca pública a la província de Barcelona : un servei en xarxa / Text: Ester Omella i Claparols ; coordinació: Assumpta Bailac i Puigdellívol ; [dades estadístiques: Antoni Feliu Oller] un servei en xarxa / Text:
MARC
| LEADER | 00000nam a2200000Ia 4500 | ||
|---|---|---|---|
| 001 | 19685 | ||
| 008 | 160829s2002 xx 000 0 cat d | ||
| 080 | |a A-2-307 | ||
| 100 | |a Omella i Claparols, Ester |9 1505 | ||
| 245 | |a La Biblioteca pública a la província de Barcelona : |b un servei en xarxa / Text: |b Ester Omella i Claparols ; coordinació: |b Assumpta Bailac i Puigdellívol ; [dades estadístiques: |b Antoni Feliu Oller] | ||
| 250 | |a Ed. no venal | ||
| 260 | |a Barcelona : |b Diputació de Barcelona. Servei de Biblioteques, |c 2002 | ||
| 300 | |a 70 p. ; |c 30 cm | ||
| 650 | 0 | |a Biblioteques públiques |x Barcelona (Catalunya : Província) |9 49209 | |
| 700 | 1 | |a Bailac i Pugdellívol, Assumpta, |d 1951- |e coordinadora |9 44922 | |
| 700 | |a Feliu Oller, Antoni |9 44770 | ||
| 710 | |a Barcelona (Catalunya : Província). |b Servei de Biblioteques |9 4217 | ||
| 901 | |a Arxiu | ||
| 942 | |n 1 |2 udc | ||
| 952 | |0 0 |1 0 |4 0 |6 A2307 |7 1 |9 52160 |a Arxiu |b Arxiu |d 2016-12-01 |l 0 |o A-2-307 |p 19685 |r 2016-12-01 00:00:00 |w 2016-12-01 |y ARXIU | ||
| 999 | |c 56008 |d 56008 | ||